الصلاة و أثرها في زيادة الإيمان و تهذيب النفس / (رقم التسجيلة. 90240)

تفاصيل مارك
000 -LEADER
fixed length control field 00645nam a22001817a 4500
005 - DATE AND TIME OF LATEST TRANSACTION
control field 20251108172846.0
008 - FIXED-LENGTH DATA ELEMENTS--GENERAL INFORMATION
fixed length control field 250721s9999 xx 000 0 ara d
082 14 - DEWEY DECIMAL CLASSIFICATION NUMBER
Classification number 216.22/عوا
100 1# - MAIN ENTRY--PERSONAL NAME
Personal name العوايشة، حسين بن عودة
245 10 - TITLE STATEMENT
Title الصلاة و أثرها في زيادة الإيمان و تهذيب النفس /
264 1# - PRODUCTION, PUBLICATION, DISTRIBUTION, MANUFACTURE, AND COPYRIGHT NOTICE
Place of production, publication, distribution, manufacture بيروت :
Name of producer, publisher, distributor, manufacturer دار ابن حزم للطباعة و النشر و التوزيع،
300 ## - PHYSICAL DESCRIPTION
Extent 120 ص
490 0# - SERIES STATEMENT
Series statement سلسلة فقه الدعوه و تزكية النفس
Volume/sequential designation 5
650 17 - SUBJECT ADDED ENTRY--TOPICAL TERM
Topical term or geographic name as entry element الفقه الإسلامي
650 17 - SUBJECT ADDED ENTRY--TOPICAL TERM
Topical term or geographic name as entry element الصلاة
942 ## - ADDED ENTRY ELEMENTS (KOHA)
Source of classification or shelving scheme Dewey Decimal Classification
Koha item type كتب
المقتنيات
حالة السحب حالة الفقدان مصدر التصنيف حالة التلف غير قابل للإعارة المكتبة الرئيسية المكتبة الحالية موقع الرف تاريخ التزويد الرقم المتسلسل Total Checkouts رقم الإستدعاء الباركود تاريخ آخر ظهور تاريخ الفاتورة نوع المادة (كوها)
    Dewey Decimal Classification     مكتبة الأميرة ايمان العامة مكتبة الأميرة ايمان العامة الإعارة 28/07/2025 615670   216.22/عوا 615670 28/07/2025 28/07/2025 كتب
Implemented & Customized by: BBB with SCIT (Smart Chains for Information Technology)

Powered by Koha